Manual del motor eléctrico

Saved in:
Bibliografiske detaljer
Main Authors: Beaty, H. Wayne (Author), Kirtley, James L (Author)
Format: Bog
Sprog:spansk
Udgivet: Ciudad de México McGraw-Hill 2000
Fag:
Tags: Tilføj Tag
Ingen Tags, Vær først til at tagge denne postø!

MARC

LEADER 00000nam a2200000 a 4500
001 UCL0958
003 CL-VaPUC
008 030825e20000000MX |||||||||||||||||spa|d
020 |a 9701027345 
082 0 4 |a 621.46  |b BEA  |2 21 
100 0 |a Beaty, H. Wayne  |e author  |9 477744 
700 0 |a Kirtley, James L  |e author  |9 477745 
245 1 0 |a Manual del motor eléctrico 
300 |a 404 p 
942 |c BK 
945 |d 20030825 00:00:00  |a cmena 
260 |a Ciudad de México  |b McGraw-Hill  |c 2000 
650 0 |a Motores eléctricos   |9 260085 
650 0 |a Electromagnetismo   |9 260123 
650 0 |a Motores de inducción (motores asincrónicos)  |9 414448 
583 |a last modification  |c 20030825 00:00:00  |k Rodrigo Vera 
999 |c 304676  |d 304674